000 00540nam a22002057a 4500
003 OSt
005 20260514114847.0
008 260514b |||||||| |||| 00| 0 eng d
020 _a978-81-264-7662-6
040 _cSBCL
082 _a894.8124
_bRAJ-S
100 _aRajmohan,O.P
245 _aSoochikalillatha Khadigarangal
260 _aKottayam
_bCurrent Books
_c2017
300 _a160p.
630 _xLiterature
650 _aLiteratures of other languages
650 _aAltaic, Uralic, Hyperborean & Dravidian
942 _cBOOK
999 _c138156
_d138156